| 000 | 00563nam a2200217Ia 4500 | ||
|---|---|---|---|
| 008 | 140626s9999 xx 000 0 und d | ||
| 100 | _aColmenares, Pinky. | ||
| 245 |
_aCordillera, Philippines volunteer-tourists needed in Batad / _cPinky Colmenares. |
||
| 260 | _cc2012. | ||
| 300 | _a13 : 10, page 10 | ||
| 440 | _aCruising | ||
| 521 | _aTOU | ||
| 650 | _aBatad. | ||
| 650 | _aCordillera. | ||
| 650 | _aEthnicity. | ||
| 650 | _aIfugao culture. | ||
| 650 | _aPhoto campaign. | ||
| 650 | _aRice terraces. | ||
| 650 | _aVolunterism. | ||
| 942 | _cSE | ||
| 999 |
_c121149 _d121149 |
||